Batman saves the day / (Record no. 2160)

MARC details
000 -LEADER
fixed length control field 01178cam a2200313 a 4500
005 - DATE AND TIME OF LATEST TRANSACTION
control field 20231110110911.0
020 ## - INTERNATIONAL STANDARD BOOK NUMBER
International Standard Book Number 9780061561870
040 ## - CATALOGING SOURCE
Original cataloging agency DLC
Transcribing agency DLC
Modifying agency DLC
Language of cataloging eng
050 00 - LIBRARY OF CONGRESS CALL NUMBER
Classification number PZ7.F85927
Item number Bat 2008
082 00 - DEWEY DECIMAL CLASSIFICATION NUMBER
Classification number 489
Edition number 22
100 1# - MAIN ENTRY--PERSONAL NAME
Personal name Frantz, Jennifer
Dates associated with a name 1976-
245 10 - TITLE STATEMENT
Title Batman saves the day /
Statement of responsibility, etc. adapted by Jennifer Frantz ; pencils by Cameron Stewart ; digital paints by Dave McCaig.
250 ## - EDITION STATEMENT
Edition statement First Edition
260 ## - PUBLICATION, DISTRIBUTION, ETC.
Place of publication, distribution, etc. New York :
Name of publisher, distributor, etc. Harper,
Date of publication, distribution, etc. 2008
300 ## - PHYSICAL DESCRIPTION
Extent 17 unnumbered pages :
Other physical details Illustrations
Dimensions 21 cm
490 0# - SERIES STATEMENT
Series statement Dark knight
500 ## - GENERAL NOTE
General note "Inspired by the film The Dark Knight, screenplay by Jonathan Nolan and Christopher Nolan, story by Christopher Nolan & David S. Goyer, Batman created by Bob Kane."
505 ## - FORMATTED CONTENTS NOTE
Formatted contents note J
520 ## - SUMMARY, ETC.
Summary, etc. When the Joker crashes his birthday party and starts stealing from the guests, Batman has to act fast.<br/>
521 ## - TARGET AUDIENCE NOTE
Target audience note 600
Source Lexile estimate
521 ## - TARGET AUDIENCE NOTE
Target audience note J
Source Raz-Plus
650 ## - SUBJECT ADDED ENTRY--TOPICAL TERM
Topical term or geographic name entry element Super heroes
650 ## - SUBJECT ADDED ENTRY--TOPICAL TERM
Topical term or geographic name entry element Vigilante
700 1# - ADDED ENTRY--PERSONAL NAME
Personal name Stewart, Cameron
Dates associated with a name 1976?-
Relator term Illustrator
700 1# - ADDED ENTRY--PERSONAL NAME
Personal name McCaig, Dave.
Relator term Illustrator
906 ## - LOCAL DATA ELEMENT F, LDF (RLIN)
a 7
b cbc
c orignew
d 2
e epcn
f 20
g y-gencatlg
942 ## - ADDED ENTRY ELEMENTS (KOHA)
Source of classification or shelving scheme Dewey Decimal Classification
Koha item type Books
Suppress in OPAC No
999 ## -
-- 2160
-- 2160
Holdings
Withdrawn status Lost status Source of classification or shelving scheme Damaged status Not for loan Collection Home library Current library Shelving location Date acquired Total Checkouts Full call number Barcode Date last seen Date last checked out Price effective from Koha item type
    Dewey Decimal Classification     Juvenile Fiction Footprints International School Library Network Toul Kork Campus Footprints International School Library Network Toul Kork Campus TK Primary Library Room(4th Floor), Bookcase 3&4, Shelves 17-32, Yellow Books 11/08/2023 3 FRA 489 PZ7.F85927 FISTK00859 02/19/2025 02/13/2025 11/08/2023 Books